000 00267nam a22001097a 4500
008 170124b xxu||||| |||| 00| 0 eng d
020 _a9780803614550
041 _aeng
080 _210TH
_a618.2
245 _aDAVIS'S DRUG GUIDE FOR NURSES
_cDEGLIN, J.H
942 _2udc
_cBK
999 _c3536
_d3536